|
|
|
|
| LEADER |
01121nam a2200229 a 4500 |
| 001 |
GR-MES3644 |
| 008 |
991111s1998 gr 000 0 gre d |
| 040 |
|
|
|a GrPaTEI
|b gre
|c GR-PaULI
|
| 245 |
0 |
0 |
|a Οργάνωση και διεύθυνση της σχολικής τάξης :
|b εφαρμογές της σύγχρονης διδακτικής.
|
| 250 |
|
|
|a 3η
|
| 260 |
|
|
|a Αθήνα :
|b Γρηγόρης,
|c 1998
|
| 300 |
|
|
|a 512σελ.
|
| 650 |
|
4 |
|a ΔΙΔΑΚΤΙΚΗ
|
| 650 |
|
4 |
|a ΕΚΠΑΙΔΕΥΣΗ
|
| 650 |
|
4 |
|a ΣΧΟΛΙΚΗ ΤΑΞΗ
|
| 700 |
1 |
|
|a Ματσαγγούρας, Η.
|
| 710 |
0 |
|
|a Γρηγόρης
|
| 942 |
|
|
|2 ddc
|
| 952 |
|
|
|0 0
|1 0
|2 ddc
|4 0
|6 371_201000000000000_2_ΜΑΤ
|7 0
|9 268265
|a MSLG
|b MSLG
|c BSC
|d 2021-01-17
|e 24
|f 0
|g 0.00
|l 0
|o 371.201 2 ΜΑΤ
|p 2420000011207
|r 2021-01-17 00:00:00
|t 1
|w 2021-01-17
|y BK15
|x 19991111 0 1
|x GrPaTEI
|
| 952 |
|
|
|0 0
|1 0
|2 ddc
|4 0
|6 371_201000000000000_2_ΜΑΤ
|7 0
|9 268266
|a MSLG
|b MSLG
|c BSC
|d 2021-01-17
|e 24
|f 0
|g 0.00
|l 0
|o 371.201 2 ΜΑΤ
|p 2420000011587
|r 2021-01-17 00:00:00
|t 1
|w 2021-01-17
|y BK15
|x 19991111 0 1
|x GrPaTEI
|
| 971 |
|
|
|a .b25746893
|b 16-04-20
|c 13-09-16
|
| 999 |
|
|
|c 154542
|d 154542
|